| 000 | 00594nam a22001817a 4500 | ||
|---|---|---|---|
| 005 | 20251108163336.0 | ||
| 008 | 250721s1992 xx 000 0 ara d | ||
| 082 | 1 | 4 | _a210.430141/عبد |
| 100 | 1 | _aعبد الله، عبد الرحيم صالح | |
| 245 | 1 | 0 | _aعوامل الإنحراف الجنسي و منهج الإسلام في الوقاية منها و علاجها / |
| 264 | 1 |
_aعمان : _bدار النفائس، _c1992. |
|
| 300 | _a164ص. | ||
| 650 | 1 | 7 | _aالإسلام |
| 650 | 1 | 7 | _aالجنس |
| 650 | 1 | 7 | _aالآداب الإسلامية |
| 942 |
_2ddc _cBK |
||
| 999 |
_c258 _d258 |
||